[Event "Politiken Cup"]
[Site "Copenhagen"]
[Date "1999.07.04"]
[Round "2"]
[White "Peelen, Piet"]
[Black "Nolsoe, Eydun"]
[Result "1-0"]
[WhiteElo "2382"]
[BlackElo "2184"]

1.c4 c5 2.Nf3 Nf6 3.Nc3 e6 4.g3 b6 5.Bg2 Bb7 6.O-O Be7 7.Re1 O-O 8.e4 d6
9.d4 cxd4 10.Nxd4 a6 11.Be3 Nbd7 12.e5 dxe5 13.Nxe6 fxe6 14.Bxb7 Ra7 15.Bg2 Bc5
16.Bh3 Qe7 17.Bxc5 bxc5 18.Qe2 Kh8 19.Rad1 g5 20.Ne4 Nxe4 21.Qxe4 Qf6 22.Re2 h5
23.Qc6 g4 24.Bg2 Rf7 25.Rd6 Nf8 26.Qxc5 Rac7 27.Qxe5 Rxc4 28.Qxf6+ Rxf6 29.Be4 a5
30.Kg2 Kg7 31.b3 Rc5 32.Rc6 Rxc6 33.Bxc6 Rf5 34.Be4 Re5 35.Bd3 Kf6 36.f4 Rxe2+
37.Bxe2 e5 38.fxe5+ Kxe5 39.h3 Kf5 40.Bd3+ Ke5 41.Be2 Kf5 42.h4 Nd7 43.Bd3+ Ke5
44.Bg6 Nf6 45.Kf2 Kd4 46.Ke2 Nd5 47.Bxh5 Nc3+ 48.Kf2 Nxa2 49.Bxg4 Nc1 50.Be6 Nd3+
51.Kf3 Ke5 52.Bd7 Nc5 53.Ba4 Ne4 54.Kg4 Nf6+ 55.Kg5 Ne4+ 56.Kg6 Nxg3 57.h5 Nf5
58.h6 Nh4+ 59.Kf7 Kf5 60.h7 Ng6 61.Kg7  1-0

[Event "Haarlem AKN op 8th"]
[Site "Haarlem"]
[Date "1999.07.04"]
[Round "6"]
[White "Chuchelov, Vladimir"]
[Black "Knoppert, Erik G J"]
[Result "1/2-1/2"]
[WhiteElo "2533"]
[BlackElo "2382"]

1.Nf3 c5 2.c4 Nf6 3.Nc3 d5 4.cxd5 Nxd5 5.d4 cxd4 6.Qxd4 Nxc3 7.Qxc3 Nc6 8.e4 Qa5
9.Qxa5 Nxa5 10.Ne5 Bd7 11.Nxd7 Kxd7 12.Bb5+ Nc6 13.Be3 e5 14.Ke2 Bd6 15.Rhd1 Ke7
16.Bxc6 bxc6 17.Rac1 Rhc8 18.Rc4 Rab8 19.b3 a5 20.h4 Rb4 21.Rdc1 Kd7 22.Bd2 Rb5
23.h5 Bb4 24.Be3 g6 25.Rd1+ Ke6 26.Rdc1 Kd7 27.g4 Bd6 28.Rd1 Ke6 29.Rd3 Be7
30.Kd1 Rb4 31.Rdc3 Kd7 32.Bd2 Rxc4 33.Rxc4 gxh5 34.gxh5 Rg8 35.Bxa5 Rg1+
36.Ke2 Rh1 37.a4 Rxh5 38.Bc3 Rg5 39.a5 Kc7 40.a6 Kb6 41.Ra4 Ka7 42.Bd2 Rg6
43.Be3+ c5 44.Ra5 Rxa6 45.Bxc5+ Bxc5 46.Rxc5 f6 47.Rc7+ Kb6 48.Rxh7 Ra2+
49.Kf1 Rb2 50.Rf7 Rxb3 51.Kg2 Kc5 52.Rxf6 Kd4 53.f3 Rb8 54.Kg3 Re8 55.Rd6+ Ke3  1/2-1/2

[Event "Budapest FS07 IM"]
[Site "Budapest"]
[Date "1999.07.05"]
[Round "13"]
[White "Aumann, Welf"]
[Black "Toth, Andras"]
[Result "1/2-1/2"]
[WhiteElo "2311"]
[BlackElo "2297"]

1.c4 c5 2.Nf3 Nf6 3.Nc3 e6 4.g3 b6 5.Bg2 Bb7 6.O-O Be7 7.b3 O-O 8.d4 cxd4
9.Qxd4 Nc6 10.Qf4 Qb8  1/2-1/2

[Event "EUCup99 (Women)"]
[Site "Nova Gorica"]
[Date "1999.07.05"]
[Round "7"]
[White "Velickovski Kostic, Maja"]
[Black "Hausmann, Ilka"]
[Result "1/2-1/2"]
[WhiteElo "2221"]
[BlackElo "2166"]

1.c4 Nf6 2.Nc3 c5 3.Nf3 b6 4.d4 cxd4 5.Nxd4 Bb7 6.f3 d6 7.e4 a6 8.Be3 e6
9.Be2 Be7 10.O-O Qc7 11.Rc1 Nbd7 12.Qd2 Rc8 13.Rfd1 O-O 14.Qe1 Rfd8 15.Qf2 Qb8
16.a3 Ba8 17.b4 Ne5 18.Na4 d5 19.cxd5 b5 20.Nc3 exd5 21.Nf5 Bf8 22.Bc5 Ng6
23.exd5 Nxd5 24.Ne4 Qe5 25.Nd4 Ndf4 26.Bf1 Bxe4 27.fxe4 Bxc5 28.bxc5 Rxc5
29.Nf3 Rxd1 30.Rxd1 Qc7 31.Nd4 Rc1 32.Rd2 Qe5 33.Nb3 Rb1 34.Nc5 h6 35.Qe3 a5
36.g3 Qa1 37.Qf3 Ne6 38.Nxe6 fxe6 39.h4 Qf6 40.Qg2 b4 41.Rf2 Qd4 42.axb4 Rb2
43.Qf3 Ne5 44.Qf8+ Kh7 45.Bh3 Rb1+ 46.Kh2 Qxe4 47.Rf1 Rxf1 48.Bxf1 axb4 49.Bg2 Qe1
50.Qf4 g6 51.Be4 Qc3 52.h5 Kg7 53.hxg6 b3 54.Kh3 b2 55.Qf2 Nxg6 56.Qa7+ Kf6
57.Qh7 Ne5 58.Qxh6+ Ke7 59.Qg7+ Kd6 60.Qf8+ Kd7 61.Qb8 Nc4 62.Bg6 Nd6 63.Qa7+ Kc6
64.Qb8 Qc1 65.Qa8+ Kc5 66.Qa7+ Kd5 67.Qa5+ Kd4 68.Qb4+ Ke5 69.Bd3 Qh1+ 70.Kg4 Qd1+
71.Kh3 Qxd3 72.Qxb2+ Kf5 73.Qg7 Qf1+ 74.Kh2 Qe2+ 75.Kh3 Qh5+ 76.Kg2 Ne4 77.Qf8+ Nf6
78.Qc5+ Kg6  1/2-1/2

[Event "Politiken Cup"]
[Site "Copenhagen"]
[Date "1999.07.06"]
[Round "4"]
[White "Mah, Karl"]
[Black "Van der Weide, Karel"]
[Result "1/2-1/2"]
[WhiteElo "2316"]
[BlackElo "2434"]

1.c4 Nf6 2.Nc3 c5 3.Nf3 g6 4.g3 Bg7 5.Bg2 O-O 6.O-O Nc6 7.d4 cxd4 8.Nxd4 Ng4
9.e3 d6 10.b3 Nxd4 11.exd4 Nh6 12.Bb2 Rb8 13.a4 Nf5 14.Nd5 e6 15.Ne3 Nxe3
16.fxe3 b6 17.Qd2 Bb7 18.e4 f5 19.exf5 Bxg2 20.Qxg2 Rxf5 21.Qe4 Qd7 22.Rae1 Re8
23.Kg2 d5 24.Qe2 dxc4 25.Rxf5 gxf5 26.Qxc4 Rc8 27.Qe2 Qd5+ 28.Kh3 Rc6 29.Qh5 Rc2
30.Re2 Rxe2 31.Qxe2 Qxb3 32.Bc1 Bxd4 33.Qa6 Qc2 34.Bf4 Bf6 35.Qxa7 Qc4 36.Qa8+ Kf7
37.Qf3 Kg6 38.g4 h6 39.gxf5+ exf5 40.Be3 Qe6 41.Bf2 Bd8 42.Qg2+ Kf7 43.Qb7+ Ke8
44.Kg2 h5 45.Qf3 Qg6+ 46.Kh1 Bc7 47.Qd5 Qg4 48.Bxb6 Bxb6  1/2-1/2

[Event "Budapest FS07 IM"]
[Site "Budapest"]
[Date "1999.07.08"]
[Round "6"]
[White "Aumann, Welf"]
[Black "Pham Minh Hoang"]
[Result "0-1"]
[WhiteElo "2311"]
[BlackElo "2421"]

1.c4 c5 2.Nf3 Nf6 3.Nc3 b6 4.g3 Bb7 5.Bg2 g6 6.O-O Bg7 7.d4 cxd4 8.Qxd4 O-O
9.Qh4 Re8 10.Bh6 Bh8 11.Rac1 d6 12.Rfd1 Nbd7 13.b3 Rc8 14.e4 Rc5 15.Nd5 Qa8
16.Be3 Rcc8 17.Ng5 Bg7 18.Bd4 e5 19.Be3 h6 20.Nh3 Bxd5 21.exd5 g5 22.Nxg5 hxg5
23.Bxg5 e4 24.Re1 Re5 25.Re2 b5 26.Bh3 Rce8 27.Bxd7 Nxd7 28.Bf4 f5 29.Qh5 R5e7
30.Qxf5 Rf7 31.Qg4 bxc4 32.bxc4 Qd8 33.h4 Nc5 34.Rb1 Nd3 35.Be3 Ne5 36.Qh5 Nxc4
37.Bg5 Qc8 38.Rc1 Qa6 39.Kg2 Qb5 40.Bh6 Re5 41.Qg4 Nb6 42.Bf4 Ref5 43.h5 Qxd5
44.Rd2 Rxf4 45.Qxf4 Rxf4 46.Rxd5 Rxf2+ 47.Kxf2 Nxd5 48.Rd1 e3+ 49.Kf3 e2  0-1

[Event "SVK-ch"]
[Site "Nove Zamky"]
[Date "1999.07.08"]
[Round "6"]
[White "Demeter, Peter"]
[Black "Sarana, Oksana"]
[Result "1/2-1/2"]
[WhiteElo "2227"]
[BlackElo "2342"]

1.c4 Nf6 2.Nc3 c5 3.Nf3 d5 4.cxd5 Nxd5 5.g3 Nc7 6.Bg2 Nc6 7.d3 e5 8.O-O Be7
9.Be3 O-O 10.Qa4 Be6 11.Rfc1 f6 12.Nb5 Nxb5 13.Qxb5 Qb6 14.a4 Nd4 15.Bxd4 exd4
16.b4 Rac8 17.bxc5 Bxc5 18.Nd2 Qxb5 19.axb5 Rf7 20.Nc4 Rfc7 21.Na5 Bb6 22.Rxc7 Rxc7
23.Nc4 Bc5 24.Be4 Bd7 25.Rb1 h6 26.Kg2 Kf7 27.f4 Ke7 28.b6 axb6 29.Nxb6 Bxb6
30.Rxb6 Bc6  1/2-1/2

[Event "SVK-ch"]
[Site "Nove Zamky"]
[Date "1999.07.10"]
[Round "8"]
[White "Banas, Jan"]
[Black "Sarana, Oksana"]
[Result "1-0"]
[WhiteElo "2400"]
[BlackElo "2342"]

1.c4 Nf6 2.Nc3 c5 3.Nf3 d5 4.cxd5 Nxd5 5.e3 Nb4 6.Bb5+ N8c6 7.Ne5 Qd6 8.Nxc6 Nxc6
9.d4 cxd4 10.exd4 Bd7 11.d5 Ne5 12.O-O g6 13.Bf4 Bg7 14.Re1 f6 15.Ne4 Qb4
16.Bxe5 Qxb5 17.Bxf6 O-O 18.Bxg7 Kxg7 19.Qd4+ Kg8 20.Nc3 Qxb2 21.Rab1 Qa3
22.Rxb7 Rac8 23.Rxd7 Qxc3 24.Qxc3 Rxc3 25.g3 Rc2 26.Rexe7 Rfxf2 27.Re8+ Rf8
28.Rxf8+ Kxf8 29.Rxa7 Rd2 30.Rxh7 Rxd5 31.Ra7 Rd2 32.a4 Ra2 33.h4 Kg8 34.a5 Kh8
35.a6 Kg8 36.Kf1 Kh8 37.Ke1 Kg8 38.Kd1 Kh8 39.Kc1 Kg8 40.Kb1 Ra3 41.Kb2 Ra4
42.Kb3 Ra1 43.Kc4 Ra3 44.Kd5 Rd3+ 45.Ke5 Re3+ 46.Kf6 Rf3+ 47.Ke6 Re3+ 48.Kd6 Rd3+
49.Kc6 Rc3+ 50.Kb5 Rb3+ 51.Ka4 Rxg3 52.Rb7 Rg4+ 53.Kb3 Rxh4 54.a7 Rh3+ 55.Ka4  1-0

[Event "Politiken Cup"]
[Site "Copenhagen"]
[Date "1999.07.13"]
[Round "10"]
[White "Sorensen, Torben"]
[Black "Nolsoe, Eydun"]
[Result "1-0"]
[WhiteElo "2348"]
[BlackElo "2184"]

1.Nf3 Nf6 2.c4 c5 3.Nc3 d5 4.cxd5 Nxd5 5.Nxd5 Qxd5 6.g3 e5 7.d3 Be7 8.Bg2 Nc6
9.O-O Qd6 10.Be3 Be6 11.Rc1 b6 12.Nxe5 Nxe5 13.Bxa8 O-O 14.Bg2 Bxa2 15.Qa4 Bd5
16.Bxd5 Qxd5 17.Qxa7 Bd6 18.Qa4 Ra8 19.Qe4 Qxe4 20.dxe4 Ra2 21.Bf4 f6 22.Rfd1 Bc7
23.Ra1 Rxa1 24.Rxa1  1-0

[Event "Paris-ch"]
[Site "Paris"]
[Date "1999.07.17"]
[Round "3"]
[White "Lauer, Ludovic"]
[Black "Pira, Davoud"]
[Result "0-1"]
[WhiteElo "2134"]
[BlackElo "2397"]

1.c4 c5 2.Nf3 e6 3.Nc3 Nf6 4.d4 cxd4 5.Nxd4 a6 6.a3 Qc7 7.e4 b6 8.Be3 Bb7
9.f3 d6 10.Qd2 Nbd7 11.Rc1 Rc8 12.Be2 Ne5 13.b3 d5 14.exd5 Bxa3 15.Rc2 Bb4
16.O-O exd5 17.Nf5 O-O 18.Bg5 Ne8 19.Nxd5 Bxd2 20.Nxc7 Bxg5 21.Nxe8 Rfxe8
22.f4 Be4 23.Ra2 Bxf5 24.fxg5 g6 25.Rxa6 b5 26.cxb5 Rc2 27.Rf2  0-1

[Event "Biel MTO"]
[Site "Biel"]
[Date "1999.07.27"]
[Round "8"]
[White "Gheorghiu, Florin"]
[Black "Greenfeld, Alon"]
[Result "1/2-1/2"]
[WhiteElo "2450"]
[BlackElo "2538"]

1.c4 Nf6 2.Nf3 c5 3.Nc3 e6 4.e3 a6 5.d4 d5 6.cxd5 exd5 7.dxc5 Bxc5 8.Be2 O-O
9.O-O Nc6 10.b3 Qd6 11.Bb2 Ba7 12.Rc1 Re8 13.Nb1 Ng4 14.Ba3 Qh6 15.Qxd5 Nce5
16.h3 Nf6 17.Qd6 Bb8 18.Rc7 Bxc7 19.Qxc7 Nfd7 20.Nbd2 Nxf3+  1/2-1/2

[Event "Dutch Open"]
[Site "Dieren"]
[Date "1999.07.27"]
[Round "8"]
[White "Janssen, Ruud"]
[Black "Wiersma, Eelke"]
[Result "1-0"]
[WhiteElo "2448"]
[BlackElo "2362"]

1.Nf3 Nf6 2.c4 c5 3.Nc3 g6 4.d4 cxd4 5.Nxd4 Bg7 6.e4 O-O 7.Be2 Nc6 8.Be3 b6
9.O-O Bb7 10.Qd2 Rc8 11.f3 d6 12.Rac1 Rc7 13.Rfd1 Rd7 14.Nb3 e6 15.Bg5 Qe7
16.Qf4 Nh5 17.Bxe7 Nxf4 18.Bxf8 Bxc3 19.Bf1 Bxb2 20.Rc2 Kxf8 21.Rxb2 Bc8
22.Rbd2 Ke7 23.g3 Nh5 24.f4 e5 25.Bh3 Rd8 26.Bxc8 Rxc8 27.Rxd6 exf4 28.Rd7+ Ke8
29.Kg2 Ne5 30.Rxa7 Rxc4 31.Rc1 f3+ 32.Kf1 Rxc1+ 33.Nxc1 Nf6 34.Ra4 g5 35.Rb4 Nfg4
36.h3 Ne3+ 37.Kf2 N3c4 38.g4 Kd7 39.Kg3 Kd6 40.Nd3 Nxd3 41.Rxc4 f2 42.Kg2 Ke5
43.Rc7 f6 44.Rb7 Kxe4 45.Rxb6 f5 46.gxf5 Kxf5 47.a4  1-0

[Event "Aceimar op 6th"]
[Site "Mondariz Balneario"]
[Date "1999.07.27"]
[Round "1"]
[White "Pogorelov, Ruslan"]
[Black "Bello Filgueira, Joaquin"]
[Result "1-0"]
[WhiteElo "2489"]
[BlackElo "2010"]

1.Nf3 Nf6 2.c4 c5 3.Nc3 g6 4.d4 cxd4 5.Nxd4 Bg7 6.e4 d6 7.Be2 Bd7 8.Be3 Nc6
9.O-O O-O 10.Qd2 Re8 11.f3 a6 12.Rfe1 Rc8 13.Bf1 Qa5 14.Nb3 Qh5 15.g4 Bxg4
16.fxg4 Nxg4 17.Bf4 Nce5 18.Qg2 Bh6 19.Bxe5 dxe5 20.Nd5 Nf6 21.Rad1 Qg5 22.Qxg5 Bxg5
23.Nxf6+ exf6 24.Rd7 b6 25.c5 bxc5 26.Bxa6 Rcd8 27.Rxd8 Rxd8 28.Bc4 Rb8 29.a3 Rb7
30.Re2 Rc7 31.a4 Bf4 32.a5 h5 33.a6 g5 34.Bd5 c4 35.Na5 g4 36.Bb7 Rc5 37.a7 c3
38.a8=Q+  1-0

[Event "Aceimar op 6th"]
[Site "Mondariz Balneario"]
[Date "1999.07.29"]
[Round "3"]
[White "Pogorelov, Ruslan"]
[Black "Rodriguez Lopez, Rafael"]
[Result "1-0"]
[WhiteElo "2489"]
[BlackElo "2326"]

1.Nf3 Nf6 2.c4 c5 3.Nc3 e6 4.g3 b6 5.Bg2 Bb7 6.O-O a6 7.Re1 Be7 8.e4 d6 9.d4 cxd4
10.Nxd4 Qc7 11.Be3 O-O 12.Rc1 Nbd7 13.f4 Rfe8 14.g4 h6 15.g5 hxg5 16.fxg5 Nh7
17.g6 Nhf8 18.gxf7+ Kxf7 19.Nd5 exd5 20.cxd5 Qd8 21.Ne6 Nxe6 22.dxe6+ Kxe6
23.Bh3+ Kf7 24.Qh5+ g6 25.Qh7+ Kf6 26.Rf1+ Ke5 27.Bf4+ Kd4 28.Rfd1+ Kxe4
29.Qxg6+ Kxf4 30.Qg4+  1-0

[Event "Lost Boys op"]
[Site "Antwerp"]
[Date "1999.08.03"]
[Round "5"]
[White "Chuchelov, Vladimir"]
[Black "Egell, Per Ove"]
[Result "1-0"]
[WhiteElo "2535"]
[BlackElo "2335"]

1.Nf3 Nf6 2.c4 c5 3.Nc3 e6 4.g3 b6 5.Bg2 Bb7 6.O-O d6 7.Re1 Nbd7 8.e4 a6
9.d4 cxd4 10.Nxd4 Qc7 11.Be3 Rc8 12.Rc1 Qb8 13.Qe2 Qa8 14.Nd5 exd5 15.exd5 Kd8
16.b4 Kc7 17.Nc6 Re8 18.Qd2 h6 19.a4 Ng4 20.c5 dxc5 21.bxc5 Nxe3 22.d6+ Kc8
23.Rxe3 Re6 24.Rxe6 fxe6 25.Ne7+ Bxe7 26.c6 Qb8 27.cxb7+ Kd8 28.Rc8+  1-0

[Event "MK Cafe Cup-A"]
[Site "Koszalin"]
[Date "1999.08.03"]
[Round "1"]
[White "Pigusov, Evgeny"]
[Black "Kogan, Artur"]
[Result "1/2-1/2"]
[WhiteElo "2609"]
[BlackElo "2518"]

1.Nf3 c5 2.c4 Nf6 3.Nc3 b6 4.g3 Bb7 5.Bg2 g6 6.O-O Bg7 7.d4 cxd4 8.Qxd4 Nc6
9.Qf4 Na5 10.b3 Rc8 11.Ba3 O-O 12.Rac1 d6 13.Rfd1 Qd7 14.h3 Rfd8 15.Qe3 h6
16.Nd5 Nxd5 17.cxd5 Rxc1 18.Bxc1 Rc8 19.Nd4 Rc5 20.b4 Qa4 21.Nb3 Rc3 22.Qxe7 Nxb3
23.axb3 Qxb3 24.Re1 Bxd5 25.Bxd5 Qxd5 26.Qxa7 b5 27.Bb2 Rc2 28.Bxg7 Kxg7
29.Qa1+ Qe5 30.Qxe5+ dxe5 31.Rd1 Rb2 32.Rd5 Rxb4 33.Rxe5 Kf6 34.f4 g5 35.Kg2 Rb3
36.h4 gxh4 37.gxh4 b4 38.Rb5 Re3 39.Kf2 Rh3  1/2-1/2

[Event "Lost Boys op"]
[Site "Antwerp"]
[Date "1999.08.05"]
[Round "6"]
[White "De Jager, Jaap"]
[Black "Chuchelov, Vladimir"]
[Result "1-0"]
[WhiteElo "2277"]
[BlackElo "2533"]

1.c4 Nf6 2.Nc3 c5 3.Nf3 e6 4.d4 cxd4 5.Nxd4 a6 6.g3 Qc7 7.Qa4 Bc5 8.Nf3 O-O
9.Bg2 Be7 10.Nb5 Qb6 11.Be3 Bc5 12.Bxc5 Qxc5 13.Nc3 d6 14.O-O Nbd7 15.Nd2 Rb8
16.Nde4 Qc7 17.Qb4 Ne8 18.Rfd1 Nc5 19.Rd2 b5 20.cxb5 Nxe4 21.Bxe4 Bd7 22.Bd3 d5
23.Qh4 Nf6 24.bxa6 Qa5 25.e4 Rxb2 26.e5 Rxd2 27.exf6 h6 28.Qg4 g5 29.Qh5 Qxc3
30.Qxh6 Qxa1+ 31.Kg2 Rxf2+ 32.Kxf2 Qd4+ 33.Ke2 Qg4+ 34.Ke1 Qb4+ 35.Kf1  1-0

[Event "MK Cafe Cup-A"]
[Site "Koszalin"]
[Date "1999.08.05"]
[Round "3"]
[White "Epishin, Vladimir"]
[Black "Marin, Mihail"]
[Result "1/2-1/2"]
[WhiteElo "2657"]
[BlackElo "2548"]

1.Nf3 Nf6 2.c4 c5 3.Nc3 e6 4.g3 b6 5.Bg2 Bb7 6.O-O a6 7.Re1 Be7 8.e4 d6 9.d4 cxd4
10.Nxd4 Qc7 11.Be3 O-O 12.Rc1 Nbd7 13.f4 Rac8 14.g4 Nc5 15.Bf2 g6 16.f5 gxf5
17.gxf5 e5 18.Nc2 Kh8 19.Kh1 Rg8 20.Bf3 b5 21.Nd5 Nxd5  1/2-1/2

[Event "MK Cafe Cup-A"]
[Site "Koszalin"]
[Date "1999.08.07"]
[Round "5"]
[White "Marin, Mihail"]
[Black "Bu Xiangzhi"]
[Result "0-1"]
[WhiteElo "2548"]
[BlackElo "2465"]

1.c4 Nf6 2.Nf3 c5 3.Nc3 g6 4.d4 Bg7 5.e4 d6 6.Be2 O-O 7.O-O Bg4 8.d5 e6 9.dxe6 fxe6
10.e5 dxe5 11.Nxe5 Qxd1 12.Bxd1 Bxd1 13.Rxd1 Nh5 14.Nf3 Nc6 15.Be3 b6 16.Ng5 Rfe8
17.Nb5 Re7 18.Rd2 a6 19.Nd6 Nf6 20.h3 Nd7 21.Re1 Rf8 22.Nf3 h6 23.Red1 Nf6
24.a3 e5 25.b4 Nd4 26.bxc5 bxc5 27.Bxd4 exd4 28.Re1 Rxe1+ 29.Nxe1 Rb8 30.Re2 Bf8
31.Re6 Rb1 32.Kh2 Rb6 33.Rxf6 Bxd6+  0-1

[Event "MK Cafe Cup-B"]
[Site "Koszalin"]
[Date "1999.08.08"]
[Round "6"]
[White "Murrey, Jacob"]
[Black "Neverov, Valeriy"]
[Result "1/2-1/2"]
[WhiteElo "2475"]
[BlackElo "2549"]

1.c4 Nf6 2.Nc3 c5 3.Nf3 g6 4.d4 cxd4 5.Nxd4 Nc6 6.e4 d6 7.Be2 Nxd4 8.Qxd4 Bg7
9.Bg5 O-O 10.Qe3 Be6 11.O-O Qb6 12.Qd2 Rfc8 13.b3 a6 14.Rad1 Qc5 15.Be3 Qa5
16.Bd4 b5 17.f4 bxc4 18.f5 Nxe4 19.Nxe4 Qxd2 20.Rxd2 Bxf5 21.Bxg7 Kxg7 22.Bf3 Rab8
23.g4 Bxe4 24.Bxe4 cxb3 25.axb3 Rb4 26.Bf3 Rc5 27.Rd3 a5 28.Re1 Kf6 29.Bd1 Rf4
30.Kg2 Re5 31.Rxe5 Kxe5 32.Bf3 e6 33.Rc3 a4 34.Kg3 g5 35.Bd1 axb3 36.Rxb3 d5  1/2-1/2

[Event "MK Cafe Cup-A"]
[Site "Koszalin"]
[Date "1999.08.08"]
[Round "6"]
[White "Schmidt, Wlodzimierz"]
[Black "Marin, Mihail"]
[Result "1/2-1/2"]
[WhiteElo "2436"]
[BlackElo "2548"]

1.Nf3 c5 2.c4 Nf6 3.Nc3 e6 4.g3 b6 5.Bg2 Bb7 6.O-O a6 7.d4 cxd4 8.Qxd4 d6
9.Ng5 Bxg2 10.Kxg2 Nc6 11.Bf4 Be7 12.Nce4 O-O 13.Nxf6+ Bxf6 14.Nxh7 Kxh7
15.Qe4+ Kg8 16.Qxc6 Rc8 17.Qa4 d5  1/2-1/2

[Event "MK Cafe Cup-A"]
[Site "Koszalin"]
[Date "1999.08.08"]
[Round "6"]
[White "Ibragimov, Ildar"]
[Black "Kogan, Artur"]
[Result "1-0"]
[WhiteElo "2554"]
[BlackElo "2518"]

1.Nf3 Nf6 2.c4 c5 3.Nc3 e6 4.e3 d5 5.d4 a6 6.a3 dxc4 7.Bxc4 b5 8.Ba2 Bb7
9.O-O Nbd7 10.Re1 Qb8 11.d5 c4 12.e4 Bc5 13.b4 Bd6 14.Bg5 Ne5 15.g3 O-O 16.Bxf6 gxf6
17.Nxe5 Bxe5 18.Rc1 Bxc3 19.Rxc3 Qe5 20.Rf3 a5 21.bxa5 Rxa5 22.Bb1 c3 23.dxe6 fxe6
24.Qd7 Bc8 25.Qe7 Ra4 26.Rd3 Rc4 27.f4 Qb8 28.Ba2 Qb6+ 29.Kg2 c2 30.Bxc4 bxc4
31.Rd2 Qb2 32.Ree2 Rf7 33.Rxc2 Qb5 34.Qb4 Qa6 35.Qxc4 Qxc4 36.Rxc4 Ba6 37.Rec2 Bxc4
38.Rxc4 Rd7 39.h4 Rd3 40.a4 Ra3 41.h5 Kg7 42.Kh3 Kh6 43.Kh4 Ra1 44.Rc6  1-0

[Event "BCF-ch 86th"]
[Site "Scarborough"]
[Date "1999.08.09"]
[Round "8"]
[White "Duncan, Christopher R"]
[Black "Rayner, Francis"]
[Result "1-0"]
[WhiteElo "2297"]
[BlackElo "2218"]

1.Nf3 c5 2.c4 Nf6 3.Nc3 e6 4.d4 cxd4 5.Nxd4 Bb4 6.g3 O-O 7.Bg2 d5 8.O-O e5
9.Nc2 Bxc3 10.bxc3 dxc4 11.Ba3 Qxd1 12.Rfxd1 Re8 13.Ne3 Nc6 14.Rab1 e4 15.Nxc4 b6
16.Nd6 Re5 17.c4 Bg4 18.Bb2 Bxe2 19.Bxe5 Nxe5 20.Nxe4 Nxe4 21.Bxe4 Re8 22.Rd4 g6
23.Bd5 Kg7 24.Re1 Bh5 25.Kf1 Kf8 26.Rde4  1-0

[Event "VISA Nordic GP fin"]
[Site "Gentofte"]
[Date "1999.08.10"]
[Round "4"]
[White "Agdestein, Simen"]
[Black "Akesson, Ralf"]
[Result "1/2-1/2"]
[WhiteElo "2580"]
[BlackElo "2535"]

1.c4 Nf6 2.Nc3 c5 3.Nf3 e6 4.e3 a6 5.d4 d5 6.cxd5 exd5 7.Be2 Nc6 8.O-O Bd6
9.dxc5 Bxc5 10.a3 O-O 11.b4 Ba7 12.b5 axb5 13.Nxb5 Bb8 14.Bb2 Ne4 15.Rc1 Bg4
16.Rc2 Re8 17.Nfd4 Bd7 18.g3 Ne5 19.Nb3 Nf3+ 20.Bxf3 Bxb5 21.Be2 Ba4 22.Qd4 Be5
23.Qb4 Bd6 24.Qd4 Bf8 25.Na1 Bxc2 26.Nxc2 Qg5 27.Nb4 Bc5 28.Qxd5 Qxd5 29.Nxd5 Bxa3
30.Rb1 Bxb2 31.Rxb2 Red8 32.Bc4 Nd6 33.Be2 b5 34.Kg2 Kf8 35.Nc7 Rab8 36.Nxb5 Ke7
37.Rb3 Rb6 38.Nd4 Rxb3 39.Nxb3 Rb8 40.Nd4 Rb2 41.Bd3 g6 42.h4 f5 43.h5 Kf6
44.hxg6 hxg6 45.Bc2 Nc4 46.g4 fxg4 47.Kg3 Ne5 48.Be4 Rb4 49.Bd5 Rb6 50.Bb3 Ra6
51.Bd5 Ra5 52.Bb3 Ra1 53.Bd5 Rg1+ 54.Kh2 Rd1 55.Kg3 Rd2 56.Be4 Rb2 57.Bc2 Ra2
58.Bb1 Ra1 59.Be4 Rc1 60.Bg2 Rg1 61.Ne2 Rd1 62.Nd4 Rd2 63.Be4 Nf7 64.Nb3 Rb2
65.Nd4 Nd6 66.Bc2 Kg5 67.Ne6+ Kh6 68.Nd4 Kh5 69.Bd3 Rd2 70.Bc2 Nc4 71.Be4 Ne5
72.Nc6 Nc4 73.Nd4 Nb2 74.Bc2 Nc4 75.Be4  1/2-1/2

[Event "MK Cafe Cup-A"]
[Site "Koszalin"]
[Date "1999.08.10"]
[Round "7"]
[White "Bobrowska, Monika"]
[Black "Gritsak, Orest"]
[Result "1/2-1/2"]
[WhiteElo "2438"]
[BlackElo "2550"]

1.Nf3 c5 2.c4 Nf6 3.Nc3 e6 4.d4 cxd4 5.Nxd4 Bb4 6.Bd2 O-O 7.e3 Nc6 8.Be2 d5
9.cxd5 Nxd4 10.exd4 Bxc3 11.bxc3 exd5 12.f3 Nd7 13.O-O Nb6 14.Bf4 Bf5 15.a4 Rc8
16.Qb3 Re8 17.Rfe1 Re7 18.Kf2 Nc4 19.Bxc4 Rxc4 20.Rxe7 Qxe7 21.Re1 Be6 22.a5 h6
23.Re3 Qd7 24.Bb8 a6 25.Be5 Qc6 26.g4 Ra4 27.Bc7 Ra1 28.Qb6 Qc4 29.Re2 Qd3
30.Qb2 Qd1 31.Kg3 Qg1+ 32.Rg2 Qe1+ 33.Rf2 Rc1 34.Bf4 Rxc3 35.Kg2 Rc4 36.Bd2 Qd1
37.Qxb7 Rxd4 38.Qb8+ Kh7 39.Bc3 Rd3 40.Qe5 d4 41.Qe4+ g6 42.Bb4 Re3 43.Qf4 g5
44.Qf6 Qd3 45.Bc5 Qg6 46.Qd8 Rd3 47.h3 Rd1 48.Bxd4 Qg7 49.Bxg7 Rxd8 50.Be5 Rc8
51.Bd4 Rc4 52.Bb6 Ra4 53.Kg3 Ra2  1/2-1/2

[Event "Budapest FS08 IM"]
[Site "Budapest"]
[Date "1999.08.12"]
[Round "6"]
[White "Williams, Paul"]
[Black "Schneider, Attila"]
[Result "1-0"]
[WhiteElo "2270"]
[BlackElo "2395"]

1.Nf3 c5 2.c4 Nf6 3.Nc3 e6 4.e3 d5 5.d4 Nc6 6.cxd5 Nxd5 7.Bc4 Be7 8.O-O O-O
9.a3 Nxc3 10.bxc3 Qc7 11.Qe2 Rd8 12.Ba2 Na5 13.c4 cxd4 14.exd4 Bf6 15.Bb2 Nxc4
16.Qxc4  1-0

[Event "Faro op"]
[Site "Algarve"]
[Date "1999.08.13"]
[Round "4"]
[White "Santos, Luis M"]
[Black "Solozhenkin, Evgeniy"]
[Result "0-1"]
[WhiteElo "2376"]
[BlackElo "2544"]

1.Nf3 Nf6 2.c4 c5 3.Nc3 g6 4.d4 cxd4 5.Nxd4 Nc6 6.Nc2 Bg7 7.g3 a6 8.Bg2 Rb8
9.O-O d6 10.Rb1 O-O 11.b3 Bd7 12.a4 Qc8 13.Re1 Bh3 14.Bh1 Ne5 15.Ne3 Re8
16.Bb2 Qc5 17.Ncd5 Nxd5 18.Qxd5 Qxd5 19.Nxd5 Bf5 20.Bxe5 Bxe5 21.e4 Bd7 22.a5 b5
23.axb6 e6 24.Nf4 Rxb6 25.Bf3 a5 26.Bd1 a4 27.Re3 Rc8 28.Ne2 Rxc4 29.f4 Bg7
30.e5 dxe5 31.Rd3 Rc7 32.Rc1 Ra7 33.bxa4 exf4 34.Nxf4 Rba6 35.Rb1 Bf8 36.Rb8 Kg7
37.Kg2 Bxa4 38.Bxa4 Rxa4 39.Rdd8 Be7 40.Rg8+ Kf6 41.Rb6 Rd4 42.Rc8 Rd2+ 43.Kf3 Ra3+
44.Ke4 Kg5  0-1

[Event "Baunatal op 5th"]
[Site "Baunatal"]
[Date "1999.08.13"]
[Round "3"]
[White "Solonar, Stephan"]
[Black "Ivanov, Mikhail M"]
[Result "1/2-1/2"]
[WhiteElo "2319"]
[BlackElo "2510"]

1.c4 Nf6 2.Nc3 c5 3.Nf3 d5 4.cxd5 Nxd5 5.g3 Nc6 6.Bg2 g6 7.Ng5 Nb6 8.d3 Bg7
9.O-O O-O 10.Nge4 c4 11.dxc4 Nxc4 12.b3 Nd6 13.Bb2 Nxe4 14.Bxe4 Qa5 15.Qc1 Rd8
16.Re1 Bh3 17.Bxc6 bxc6 18.Ne4 Qd5 19.f3 Bd4+ 20.Nf2 Be6  1/2-1/2

[Event "VISA Nordic GP fin"]
[Site "Gentofte"]
[Date "1999.08.14"]
[Round "7"]
[White "Olafsson, Helgi"]
[Black "Hansen, Torbjorn R"]
[Result "1-0"]
[WhiteElo "2494"]
[BlackElo "2259"]

1.Nf3 Nf6 2.c4 c5 3.Nc3 d5 4.cxd5 Nxd5 5.d4 cxd4 6.Qxd4 Nxc3 7.Qxc3 Nc6 8.e4 Bg4
9.Bb5 Rc8 10.Bf4 Qb6 11.a4 Bxf3 12.Qxf3 a6 13.Be3 Qc7 14.Bxc6+ Qxc6 15.O-O Qf6
16.Rac1 Rc6 17.Rxc6 Qxc6 18.Rc1 Qxa4 19.Qf5 e6 20.Qe5 Be7 21.Qxg7 Rf8 22.h3 Kd7
23.Qxh7 Qb4 24.e5 Qb5 25.Bh6 Rd8 26.Qxf7 Qxe5 27.Bf4  1-0

[Event "Polanica Zdroj op"]
[Site "Polanica Zdroj"]
[Date "1999.08.17"]
[Round "1"]
[White "Poluljahov, Aleksandr"]
[Black "Zeberski, Jakub"]
[Result "1-0"]
[WhiteElo "2554"]
[BlackElo "2243"]

1.Nf3 c5 2.c4 Nf6 3.Nc3 e6 4.e3 b6 5.d4 Bb7 6.d5 exd5 7.cxd5 d6 8.e4 Nbd7
9.Be2 Be7 10.O-O O-O 11.Nd2 a6 12.a4 Re8 13.f3 Bf8 14.Nc4 Ne5 15.Na3 g6 16.Rb1 Rc8
17.b3 Bg7 18.Bd2 Qc7 19.Kh1 Re7 20.f4 Ned7 21.Bf3 Rf8 22.Be1 Ne8 23.Bh4 f6
24.Bg4 Bc8 25.Nc4 g5 26.Be6+ Kh8 27.fxg5 fxg5 28.Bxg5 Ndf6 29.Bxc8 Qxc8 30.Nxb6 Qc7
31.Nc4 Ref7 32.Rf5 Ng8 33.Qf3 Rxf5 34.exf5 Bxc3 35.Qxc3+ Qg7 36.Qxg7+ Kxg7
37.g4 h5 38.h3 hxg4 39.hxg4 Ngf6 40.Ne3 Nc7 41.Kg2 Ncxd5 42.Nxd5 Nxd5 43.Rd1 Nf6
44.Rxd6 Nxg4 45.Kf3 Rxf5+ 46.Kxg4 Rf7 47.a5 Rb7 48.Rb6 Rc7 49.Rxa6 c4 50.Bf4 Rc8
51.bxc4 Rxc4 52.Rb6 Kf7 53.a6 Ra4 54.Kf5 Ra5+ 55.Be5 Ke7 56.Rb7+ Ke8 57.a7 Ra6
58.Rb8+ Kd7 59.a8=Q Rf6+ 60.Bxf6  1-0

[Event "Polanica Zdroj op"]
[Site "Polanica Zdroj"]
[Date "1999.08.17"]
[Round "1"]
[White "Malakhatko, Vadim"]
[Black "Rawski, Slawomir"]
[Result "1-0"]
[WhiteElo "2537"]
[BlackElo "2237"]

1.Nf3 Nf6 2.c4 c5 3.Nc3 b6 4.g3 Bb7 5.Bg2 e6 6.O-O Be7 7.Re1 O-O 8.e4 a6
9.d4 cxd4 10.Nxd4 Qc7 11.e5 Ne8 12.Bxb7 Qxb7 13.Bf4 d6 14.exd6 Bf6 15.Ne4 Nd7
16.Nxf6+ Nexf6 17.b4 Rac8 18.Rc1 Rfe8 19.Nb3 h5 20.h3 e5 21.Bg5 Ne4 22.Be7 g6
23.Nd2 Nxd2 24.Qxd2 Kg7 25.Qd5 Qxd5 26.cxd5 Nf6 27.Bxf6+ Kxf6 28.d7  1-0

[Event "FRA-ch qual"]
[Site "Bescanon"]
[Date "1999.08.18"]
[Round "1"]
[White "Adrian, Claude"]
[Black "Clery, Nicolas"]
[Result "1-0"]
[WhiteElo "2317"]
[BlackElo "2172"]

1.Nf3 Nf6 2.c4 b6 3.Nc3 c5 4.e4 d6 5.d4 cxd4 6.Nxd4 Bb7 7.Qe2 e6 8.g3 Nc6
9.Nxc6 Bxc6 10.Bg2 Be7 11.O-O Qd7 12.Rd1 Qb7 13.Nd5 exd5 14.cxd5 Ba4 15.b3 Bd7
16.e5 O-O 17.exf6 Bxf6 18.Bb2 Rfe8 19.Qd2 Bxb2 20.Qxb2 Bb5 21.a4 Ba6 22.Rac1 Re5
23.Rc6 Qe7 24.Qc3 Re8 25.h4 Be2 26.Re1 h6 27.Rc7 Qd8 28.Rxa7 b5 29.a5 Bg4
30.Rxe5 Rxe5 31.a6 Qb6 32.Ra8+ Kh7 33.a7 Qb7 34.Qc6 Re1+ 35.Kh2 Qe7 36.Qc2+ g6
37.Rh8+ Kxh8 38.a8=Q+ Kh7 39.Qc3 f6  1-0